ការកែលំអរនង្គ័លថាស៧បំពាក់ជាមួយត្រាក់ទ័រ (Record no. 4188)

000 -LEADER
fixed length control field 00493nam a22001577a 4500
003 - CONTROL NUMBER IDENTIFIER
control field OSt
005 - DATE AND TIME OF LATEST TRANSACTION
control field 20151207163930.0
008 - FIXED-LENGTH DATA ELEMENTS--GENERAL INFORMATION
fixed length control field 151207b xxu||||| |||| 00| 0 eng d
040 ## - CATALOGING SOURCE
Transcribing agency RUA
082 ## - DEWEY DECIMAL CLASSIFICATION NUMBER
Classification number ATM មុំ 1991 B189 Or.1
100 ## - MAIN ENTRY--PERSONAL NAME
9 (RLIN) 4493
Personal name មុំ, សុផល
245 ## - TITLE STATEMENT
Title ការកែលំអរនង្គ័លថាស៧បំពាក់ជាមួយត្រាក់ទ័រ
260 ## - PUBLICATION, DISTRIBUTION, ETC. (IMPRINT)
Place of publication, distribution, etc. Phnom Penh
Name of publisher, distributor, etc. RUA
Date of publication, distribution, etc. 1991
300 ## - PHYSICAL DESCRIPTION
Extent 52p.
Other physical details ill.
Dimensions 29cm.
942 ## - ADDED ENTRY ELEMENTS (KOHA)
Source of classification or shelving scheme
Koha item type ATM
Holdings
Price effective from Date last seen Permanent Location Not for loan Date acquired Date last checked out Source of classification or shelving scheme Koha item type Total Checkouts Barcode Lost status Damaged status Withdrawn status Current Location Full call number
2015-12-072016-02-04Library Block B 2015-12-072016-01-23 ATM1RUA44808   Library Block BATM មុំ 1991 B189 Or.1
2015-12-072015-12-07Library Block B 2015-12-07  ATM RUA41097   Library Block BATM មុំ 1991 B189 Or.2
2015-12-072015-12-07Library Block B 2015-12-07  ATM RUA44493   Library Block BATM មុំ 1991 B189 Or.3
2015-12-072015-12-07Library Block B 2015-12-07  ATM RUA44460   Library Block BATM មុំ 1991 B189 Or.4
2015-12-072015-12-07Library Block B 2015-12-07  ATM RUA44260   Library Block BATM មុំ 1991 B189 Or.5
2015-12-072016-12-07Library Block B 2015-12-072016-08-01 ATM1RUA41022   Library Block BATM មុំ 1991 B189 Or.6
2015-12-072015-12-07Library Block B 2015-12-07  ATM RUA44064   Library Block BATM មុំ 1991 B189 Or.7
មជ្ឈមណ្ឌលឯការនៃសាកលវិទ្យាល័យភូមិន្ទកសិកម្មចំការដូង

Powered by Koha